00745cam a22001577a 4500008003600000082001300036245023000049260007500279300000900354650001400363650001500377650002400392700006600416999001900482952008600501180718b xxu||||| |||| 00| 0 eng d aQ39 In2v aKathmandu valley's earthquake scenario: a product of the Kathmandu Valley Earthquake Risk Management Project implemented by National Society for Earthquake Technology-Nepal (NSET-Nepal) and GeoHazards International, USA (GHI) aNepalbNational Society for Earthquake Technology-Nepal (NSET-Nepal)c a24p. aDisasters aEarthquake aDisaster management aNational Society for Earthquake Technology-Nepal (NSET-Nepal) c502335d502335 00104070aIIPAbIIPAd2018-08-04oQ39 In2vpGR16078r2018-08-04w2018-08-04yGR